000 00302nam a22001217a 4500
008 180420b xxu||||| |||| 00| 0 eng d
041 _aeng
080 _a043.3
100 _a0
101 _aINI-BTH
245 _aOrganizimi për ndërtimin e shkollës fillore në Damanek
_cSaliaga,A
942 _2udc
_cBK
999 _c45332
_d45332